Most Passing Yards Ever Vs Every NFL Team - Statistics

General Stats
  • This quiz has been taken 114 times
  • The average score is 26 of 32
Answer Stats
Team Yards QB % Correct
NYJ 9,059 Tom Brady
96%
BUF 9,032 Tom Brady
96%
MIA 8,596 Tom Brady
96%
PHI 7,994 Eli Manning
91%
DAL 7,560 Eli Manning
91%
WAS 6,692 Eli Manning
91%
HOU 5,852 Peyton Manning
91%
JAX 5,538 Peyton Manning
91%
TEN 4,956 Peyton Manning
91%
DET 8,954 Brett Favre
90%
CHI 8,606 Brett Favre
90%
MIN 7,401 Aaron Rodgers
88%
CIN 8,394 Ben Roethlisberger
86%
CLE 6,896 Ben Roethlisberger
86%
BAL 6,643 Ben Roethlisberger
86%
ATL 8,695 Drew Brees
84%
TBB 8,248 Drew Brees
84%
CAR 7,949 Drew Brees
84%
LAR 5,807 Joe Montana
80%
KAN 7,504 Philip Rivers
77%
LVR 7,347 Philip Rivers
77%
DEN 6,732 Philip Rivers
77%
IND 7,537 Dan Marino
76%
NEP 7,382 Dan Marino
76%
GBP 6,236 Matthew Stafford
74%
NOS 7,912 Matt Ryan
73%
ARI 4,428 Russell Wilson
71%
NYG 4,639 Tony Romo
62%
SEA 7,013 John Elway
60%
LAC 6,548 John Elway
60%
PIT 5,028 Joe Flacco
59%
SFF 5,725 Johnny Unitas
20%
No matching quizzes found
Score Distribution
Percent of People with Each Score
Percentile by Number Answered
Your Score History
You have not taken this quiz